Naamah's curse / Jacqueline Carey.
Available copies
- 1 of 1 copy available at LARL/NWRL Consortium.
- 1 of 1 copy available at Lake Agassiz Regional Library. (Show preferred library)
Current holds
0 current holds with 1 total copy.
Show Only Available Copies
| Location | Call Number / Copy Notes | Barcode | Shelving Location | Status | Due Date |
|---|---|---|---|---|---|
| Moorhead Public Library | SF CAR (Text) | 33500011069275 | Main | Available | - |
Record details
- ISBN: 9780446198059
- ISBN: 0446198056
- Physical Description: p. cm.
- Edition: 1st ed.
- Publisher: New York : Grand Central Pub., c2010.
Search for related items by subject
| Subject: | Magicians > Fiction. Quests (Expeditions) > Fiction. |
| Genre: | Fantasy fiction. |
Search for related items by series
| LDR | 00939cam a22003138a 4500 | ||
|---|---|---|---|
| 001 | 115846 | ||
| 003 | LARL_NWRL_CONSORTIUM | ||
| 005 | 20230906210421.0 | ||
| 008 | 091007s2010 nyu 000 1 eng | ||
| 020 | . | ‡a9780446198059 | |
| 020 | . | ‡a0446198056 | |
| 035 | . | ‡a(OCoLC)455421000 | |
| 082 | 0 | 0. | ‡a813/.6 ‡222 |
| 100 | 1 | . | ‡aCarey, Jacqueline, ‡d1964- ‡0(LARL_NWRL_CONSORTIUM)124612 |
| 245 | 1 | 0. | ‡aNaamah's curse / ‡cJacqueline Carey. |
| 250 | . | ‡a1st ed. | |
| 260 | . | ‡aNew York : ‡bGrand Central Pub., ‡cc2010. | |
| 263 | . | ‡a1006 | |
| 300 | . | ‡ap. cm. | |
| 490 | 0 | . | ‡aNaamah ; ‡v2 |
| 650 | 0. | ‡aMagicians ‡vFiction. ‡0(LARL_NWRL_CONSORTIUM)165983 | |
| 650 | 0. | ‡aQuests (Expeditions) ‡vFiction. ‡0(LARL_NWRL_CONSORTIUM)166982 | |
| 655 | 7. | ‡aFantasy fiction. ‡2gsafd | |
| 901 | . | ‡a115846 ‡bOCLC ‡c115846 ‡tbiblio | |

Add to basket
Permalink
Disable Highlighting